Ecoproduit : concepts et methodologies

Αποθηκεύτηκε σε:
Λεπτομέρειες βιβλιογραφικής εγγραφής
Άλλοι συγγραφείς: Vigneron, Jacques (Επιμελητής έκδοσης), Burstein, Claude (Επιμελητής έκδοσης)
Μορφή: Βιβλίο
Γλώσσα:French
Δημοσίευση: Paris : Economica, 1993.
Σειρά:Rencontres environnement
Θέματα:
Ετικέτες: Προσθήκη ετικέτας
Δεν υπάρχουν, Καταχωρήστε ετικέτα πρώτοι!

MARC

LEADER 00000cam a2200000 i 4500
001 1/101475
008 950526d1993 fre d
020 |a 2-7178-2436-7 
035 |l 10012118 
040 |a GR-MY-UA  |b gre  |e aacr 
041 0 |a fre 
082 0 |a 380.141 
245 1 0 |a Ecoproduit :   |b concepts et methodologies /   |c sous la direction de Jacques Vigneron ; Claude Burstein.  
260 |a Paris :   |b Economica,   |c 1993.  
490 1 |a (Les rencontres environnement et qualite de Cergy-Pontoise)  
650 0 0 |a Green products. 
650 0 0 |a Production engineering  |x Environmental aspects. 
650 0 0 |a Commercial products  |x Environmental aspects. 
700 1 |a Vigneron, Jacques,  |e edt 
700 1 |a Burstein, Claude,  |e edt 
830 0 |a Rencontres environnement 
852 |a INST  |b LESVOS  |e 19950526  |h 380.141 ECO  |p 005100007340  |q 005100007340  |t BK  |y 0 
852 |a INST  |b LESVOS  |e 19950526  |h 380.141 ECO  |p 005100007416  |q 005100007416  |t BK  |y 0 
909 |a Λ  |b 041324 
909 |a Λ  |b 041209 
922 |a 1ΕΛΗ  |b 199505  |c ΣΠΙΛΑΝΗΣ 
950 |a 018-1995-02-23